Clipper

Enregistré dans:
Détails bibliographiques
Auteur principal: Torres Garcia, Manuel (Auteur)
Format: Livre
Langue:espagnol
Publié: Madrid Paraninfo 1991
Édition:5a. ed
Sujets:
Tags: Ajouter un tag
Pas de tags, Soyez le premier à ajouter un tag!

MARC

LEADER 00000nam a2200000 a 4500
001 UCX3891
003 CL-VaPUC
008 920116e19910000SP |||||||||||||||||spa|d
082 0 4 |a 005.453  |b TOR  |2 21 
100 0 |a Torres Garcia, Manuel  |e author  |9 320095 
245 1 0 |a Clipper 
250 |a 5a. ed 
300 |a 320 p 
942 |c BK 
945 |d 19920116 00:00:00 
260 |a Madrid  |b Paraninfo  |c 1991 
650 7 |a CLIPPER PROGRAMA PARA COMPUTADOR  |2 CL-VaPUC  |9 262462 
650 7 |a COMPILADORES PROGRAMAS PARA COMPUTADOR  |2 CL-VaPUC  |9 262461 
583 |a last modification  |c 19920116 00:00:00  |k Rodrigo Vera 
999 |c 224516  |d 224514 
952 |0 0  |1 0  |4 0  |6 005_453000000000000_TOR_1991  |7 0  |8 A  |9 221213  |a BIBENE  |b BIBENE  |d 2019-11-15  |i 2899868  |o 005.453 TOR 1991  |p 2899868  |r 2025-01-15  |w 2019-11-15  |y BK  |k ICO